| 000 | 01407nam0a2200337 i 4500 | ||
|---|---|---|---|
| 001 | RU\NLR\bibl\1980393 | ||
| 005 | 20260405182928.0 | ||
| 010 |
_a9785943751349 _9300 |
||
| 021 |
_aRU _b2012-92740 _96868 |
||
| 035 | _a(NLR Aleph) 001969087 | ||
| 090 |
_a3930357 _c3930357 |
||
| 100 | _a20121218d2012 u y0rusy50 ca | ||
| 101 | 0 |
_arus _deng |
|
| 102 | _aRU | ||
| 105 | _aa ||||||||| | ||
| 200 | 1 |
_aДревняя керамика _dAncient ceramics _eтеория и методы историко-культурного подхода _fЮ.Б. Цетлин _gРос. акад. наук, Ин-т археологии _zeng |
|
| 210 |
_aМосква _cИА РАН _d2012 |
||
| 215 |
_a379, [1] с. _cил., портр., карт. _d25 |
||
| 300 | _aАвт. также на англ. яз.: Y.B. Tsetlin | ||
| 300 | _aРез. на англ. яз. | ||
| 320 | _aБиблиогр.: с. 338-354 | ||
| 510 | 1 |
_6z45790 _aAncient ceramics _zeng |
|
| 606 | 1 |
_aКерамика _xАрхеологическое изучение _91284613 _3RU\NLR\auth\66530287 |
|
| 686 | _aТ495 | ||
| 700 | 1 |
_4070 _8rus _7ca _aЦетлин _bЮ. Б. _f1952- _gЮрий Борисович _3RU\NLR\auth\7779594 _962522 |
|
| 790 | 1 |
_4070 _8rus _7ba _aСetlin _bJu. B. _f1952- _gJurij Borisovič _3RU\NLR\auth\7779595 _962523 |
|
| 801 | 0 |
_aRU _bNLR _c20121218 _gRCR |
|
| 801 | 1 |
_aRU _bNLR _c20121218 |
|
| 942 | _cBOOK | ||
| 980 | _aNBR | ||